00445nam a2200169Ia 4500008004100000040001900041041001200060082002000072245001300092260004000105300002900145440004200174504001900216650001400235651001200249850001400261131103s9999 xx 000 0 und d aLoreto College aEnglish aREFbLCBED/7127 aHeraldry aLondonbMacdonald educationalc1970 a61p.b ill.,pic.c 21cm. aMacdonald junioror refarence library  aIncludes index aRefarence aTheatre aLCBED/REF